Optimalizácia prvkov online marketingovej komunikácie podniku bakalárska práca

Uložené v:
Podrobná bibliografia
Hlavný autor: Bača, Juraj
Korporativný autor: Obchodná fakulta EU. Katedra marketingu
Ďalší autori: Piatra, Lukáš, 1996-
Médium: Kniha
Jazyk:Slovak
Vydavateľské údaje: Bratislava 2025
Tagy: Pridať tag
Žiadne tagy, Buďte prvý, kto otaguje tento záznam!

MARC

LEADER 00000nbm a2200000 4500
001 0311205
005 20251031123141.9
041 0 |a slo 
044 |a SK 
245 1 0 |a Optimalizácia prvkov online marketingovej komunikácie podniku  |b bakalárska práca  |c Juraj Bača ; školiteľ: Lukáš Piatra 
264 1 |a Bratislava  |c 2025 
300 |a 53 s. 
100 1 |a Bača, Juraj 
700 1 |a Piatra, Lukáš, 1996- 
710 2 |a Obchodná fakulta EU. Katedra marketingu